000 00297nam a22001337a 4500
008 181009b xxu||||| |||| 00| 0 eng d
020 _a9780534410230
041 _aeng
080 _a510
100 _a38
101 _aMAT
245 _aCalculus Concepts & Contexts
_cCole,J.A
942 _2udc
_cBK
999 _c49162
_d49162